| 000 | 00000nam 2200000za 4500 |
| 001 | 9.840305 |
| 003 | CaOODSP |
| 005 | 20221107151817 |
| 007 | cr ||||||||||| |
| 008 | 170725q2016 onc |o f|0| 0 fre d |
| 040 | |aCaOODSP|bfre |
| 043 | |an-cn--- |
| 086 | 1 |aT86-31/2016F-PDF |
| 245 | 00|aOrdre 36 |h[ressource électronique]. |
| 260 | |a[Ottawa] : |bTransports Canada, |c[2016]. |
| 300 | |a[6] p. |
| 500 | |aPubl. aussi en anglais sous le titre : Protective direction 36. |
| 500 | |aTitre de départ. |
| 500 | |a« Transport des marchandises dangereuses. » |
| 692 | 07|2gccst|aTransport des matières dangereuses |
| 710 | 1 |aCanada. |bTransports Canada. |
| 775 | 08|tProtective direction 36 |w(CaOODSP)9.840304 |
| 856 | 40|qPDF|s239 Ko|uhttps://publications.gc.ca/collections/collection_2017/tc/T86-31-2016-fra.pdf |